Modern electric, hybrid electric, and fuel cell vehicles : fundamentals, theory, and design (Record no. 11766)

000 -LEADER
fixed length control field 01226cam a2200325 a 4500
001 - CONTROL NUMBER
control field 15839849
005 - DATE AND TIME OF LATEST TRANSACTION
control field 20170105102347.0
008 - FIXED-LENGTH DATA ELEMENTS--GENERAL INFORMATION
fixed length control field 090728s2010 flua b 001 0 eng
010 ## - LIBRARY OF CONGRESS CONTROL NUMBER
LC control number 2009028979
020 ## - INTERNATIONAL STANDARD BOOK NUMBER
International Standard Book Number 9781420053982 (hardcover : alk. paper)
020 ## - INTERNATIONAL STANDARD BOOK NUMBER
International Standard Book Number 1420053981 (hardcover : alk. paper)
035 ## - SYSTEM CONTROL NUMBER
System control number (OCoLC)ocn144220352
040 ## - CATALOGING SOURCE
Original cataloging agency DLC
Transcribing agency DLC
Modifying agency BTCTA
-- BAKER
-- YDXCP
-- C#P
-- DLC
082 00 - DEWEY DECIMAL CLASSIFICATION NUMBER
Classification number 629.2293
Edition number 22
100 1# - MAIN ENTRY--PERSONAL NAME
Personal name Ehsani, Mehrdad.
245 10 - TITLE STATEMENT
Title Modern electric, hybrid electric, and fuel cell vehicles : fundamentals, theory, and design
Remainder of title fundamentals, theory, and design
Statement of responsibility, etc. Mehrdad Ehsani, Yimin Gao, Ali Emadi.
250 ## - EDITION STATEMENT
Edition statement 2nd ed.
260 ## - PUBLICATION, DISTRIBUTION, ETC.
Place of publication, distribution, etc. Boca Raton :
Name of publisher, distributor, etc. CRC Press,
Date of publication, distribution, etc. c2010.
300 ## - PHYSICAL DESCRIPTION
Extent xxii, 534 p. :
Other physical details ill. ;
Dimensions 25 cm.
490 1# - SERIES STATEMENT
Series statement Power electronics and applications series
504 ## - BIBLIOGRAPHY, ETC. NOTE
Bibliography, etc. note Includes bibliographical references and index.
650 #0 - SUBJECT ADDED ENTRY--TOPICAL TERM
Topical term or geographic name entry element Hybrid electric vehicles.
650 #0 - SUBJECT ADDED ENTRY--TOPICAL TERM
Topical term or geographic name entry element Fuel cells.
700 1# - ADDED ENTRY--PERSONAL NAME
Personal name Gao, Yimin,
Dates associated with a name 1957-
700 1# - ADDED ENTRY--PERSONAL NAME
Personal name Emadi, Ali.
830 #0 - SERIES ADDED ENTRY--UNIFORM TITLE
Uniform title Power electronics and applications series.
906 ## - LOCAL DATA ELEMENT F, LDF (RLIN)
a 7
b cbc
c orignew
d 1
e ecip
f 20
g y-gencatlg
942 ## - ADDED ENTRY ELEMENTS (KOHA)
Source of classification or shelving scheme
Koha item type Book
Holdings
Withdrawn status Lost status Damaged status Not for loan Collection code Permanent Location Current Location Shelving location Date acquired Source of acquisition Cost, normal purchase price Total Checkouts Total Renewals Full call number Barcode Date last seen Date last checked out Price effective from Koha item type
          Central Library (CL) Central Library (CL) General Stacks 04/09/2013 Multi-Line Books 10643.02 2 2 629.2293 EHS SEECS012182 07/24/2023 06/11/2022 04/18/2013 Book
© 2023 Central Library, National University of Sciences and Technology. All Rights Reserved.